Normal view MARC view
  • Dr Anwar Ul Haq Muneeb

Entry Personal Name

Number of records used in: 2

001 - CONTROL NUMBER

  • control field: 48041

003 - CONTROL NUMBER IDENTIFIER

  • control field: NUST

005 - DATE AND TIME OF LATEST TRANSACTION

  • control field: 20210314133945.0

008 - FIXED-LENGTH DATA ELEMENTS

  • fixed length control field: 210314|| aca||aabn | a|a d

040 ## - CATALOGING SOURCE

  • Original cataloging agency: NUST
  • Transcribing agency: NUST

100 ## - HEADING--PERSONAL NAME

  • Personal name: Dr Anwar Ul Haq Muneeb

670 ## - SOURCE DATA FOUND

  • Source citation: Work cat.: (NUST): Shahzad Baig. 48040, Computer aided analysis of single and multispan beams the method of consisten deformations., 30-10-2001
© 2023 Central Library, National University of Sciences and Technology. All Rights Reserved.